000 00376nam a22001577a 4500
005 20230714130011.0
008 230714b |||||||| |||| 00| 0 eng d
020 _a8173195943
082 _a621.3191
_bPAI-S
100 _a Pai, M. A.
245 _aSmall signal analysis of power systems
260 _aIndia
_bNasora
_c2004
300 _a291p
650 _aMisc
999 _c26003
_d26003